| 000 | 01139nam a2200253 i 4500 | ||
|---|---|---|---|
| 001 | 67083 | ||
| 003 | ES-MaACL | ||
| 005 | 20230906165943.0 | ||
| 007 | t| | ||
| 008 | 040504s2003 sp a |||| | spa d | ||
| 080 | _a615.015.32 | ||
| 245 | 0 | 0 |
_a125 Aniversario del Instituto Homeopático y Hospital de S. José de Madrid / _c[recopilador, Félix Antón Cortes]. |
| 260 |
_a[Madrid : _bInstituto Homeopático y Hospital de S. José de Madrid, _c2003] |
||
| 300 |
_a[42] h. : _bil. ; _c30 cm. |
||
| 594 | _aColección de documentos aportados para la celebración de la conferencia desarrollada el 12 de diciembre de 2003 en el Ateneo de Madrid, Sección de Medio Ambiente. | ||
| 597 | _aEjemplar fotocopiado. | ||
| 610 | 2 | 4 |
_aAteneo de Madrid- _vConferencias- _y2000- _9168597 |
| 610 | 2 | 4 |
_aFundación Instituto Homeopático y Hospital de San José. _94331 |
| 650 | 1 | 4 |
_aHomeopatía. _913463 |
| 700 | 1 |
_aAntón Cortes, Félix. _921942 |
|
| 710 | 2 |
_aAteneo de Madrid. _bSección de Medio Ambiente. _92003 |
|
| 710 | 2 |
_aFundación Instituto Homeopático y Hospital de San José. _94331 |
|
| 852 |
_aES-MaACL _j2166-F-24 _z- Enc. canutillo |
||
| 999 |
_c67083 _d67083 |
||